00277nam a2200097Ia 4500008004100000041001200041100001800053245009600071260000600167650000600173221030s9999 xx 000 0 und d aEnglish aH. Kolimbiris 0aDigital Communications Systems with Satellite & Fiber Optics Applicationscby H. Kolimbiris c0 aB